[Event "Novosibirsk-ch Seniors op"]
[Site "Novosibirsk"]
[Date "2007.09.25"]
[Round "2"]
[White "Chesnokov, Gennady"]
[Black "Tkalenko, Alexander"]
[Result "1-0"]
[WhiteElo "2018"]
[BlackElo "1880"]
[PlyCount "55"]
[EventDate "2007.09.24"]
[EventType "swiss"]
[EventRounds "9"]
[EventCountry "RUS"]
[SourceTitle "EXT 2022"]
[Source "ChessBase"]
[SourceDate "2021.10.06"]
[SourceVersion "1"]
[SourceVersionDate "2021.10.06"]
[SourceQuality "1"]

1. e4 c5 2. f4 d6 3. Nf3 Nc6 4. Bb5 Bd7 5. Bxc6 Bxc6 6. d3 Qc7 7. b3 e5 8. fxe5 dxe5 9. Bb2 Bd6 10. Nbd2 b5 11. 0-0 Nf6 12. a4 a6 13. axb5 axb5 14. Rxa8+ Bxa8 15. Qa1 0-0 16. Bxe5 Bxe5 17. Qxe5 Qxe5 18. Nxe5 Re8 19. Ndf3 g6 20. h3 h6 21. Ra1 Bb7 22. Ra5 Re7 23. Rxb5 Rc7 24. Rb6 Kg7 25. g4 Re7 26. Kf2 g5 27. Nc4 Ne8 28. Ne3 1-0